Population Geography (Record no. 4036)
[ view plain ]
| 000 -LEADER | |
|---|---|
| fixed length control field | 00367nam a22001457a 4500 |
| 008 - FIXED-LENGTH DATA ELEMENTS--GENERAL INFORMATION | |
| fixed length control field | 250701b |||||||| |||| 00| 0 eng d |
| 020 ## - INTERNATIONAL STANDARD BOOK NUMBER | |
| ISBN | 8191699987 |
| 100 ## - MAIN ENTRY--AUTHOR | |
| Author | Chopra Girish |
| 245 ## - TITLE STATEMENT | |
| Title | Population Geography |
| 260 ## - PUBLICATION, DISTRIBUTION, ETC. (IMPRINT) | |
| Name of publisher | Common Wealth Publishers Limited |
| Date of publication | 2023 |
| 300 ## - COLLATION | |
| Pagination | 303p. |
| 650 ## - TRACINGS | |
| Main Subject | Population Geography |
| 942 ## - ADDED ENTRY ELEMENTS (KOHA) | |
| Item type | Books |
| 050 ## - LIBRARY OF CONGRESS CALL NUMBER | |
| Classification number | HB 1951 |
| Item number | .C46 |
| Source of classification or shelving scheme | Not for loan | Permanent location | Current location | Date acquired | Accession No. | Full call number | Barcode. | Koha item type |
|---|---|---|---|---|---|---|---|---|
| Library of Congress Classification | Samuel Ogbemudia Main Library, University of Abuja | Samuel Ogbemudia Main Library, University of Abuja | 07/01/2025 | 2024/62218 | HB 1951 .C46 | 2025-2755 | Books |